<?xml version="1.0" encoding="UTF-8"?><?xml-stylesheet type="text/xsl" href="static/style.xsl"?><OAI-PMH xmlns="http://www.openarchives.org/OAI/2.0/" xmlns:xsi="http://www.w3.org/2001/XMLSchema-instance" xsi:schemaLocation="http://www.openarchives.org/OAI/2.0/ http://www.openarchives.org/OAI/2.0/OAI-PMH.xsd"><responseDate>2026-04-27T08:02:38Z</responseDate><request verb="GetRecord" identifier="oai:repisalud.isciii.es:20.500.12105/19359" metadataPrefix="marc">https://repisalud.isciii.es/rest/oai/request</request><GetRecord><record><header><identifier>oai:repisalud.isciii.es:20.500.12105/19359</identifier><datestamp>2024-09-27T08:14:08Z</datestamp><setSpec>com_20.500.12105_19604</setSpec><setSpec>com_20.500.12105_2051</setSpec><setSpec>col_20.500.12105_19605</setSpec></header><metadata><record xmlns="http://www.loc.gov/MARC21/slim" xmlns:dcterms="http://purl.org/dc/terms/" xmlns:doc="http://www.lyncode.com/xoai" xmlns:xsi="http://www.w3.org/2001/XMLSchema-instance" xsi:schemaLocation="http://www.loc.gov/MARC21/slim http://www.loc.gov/standards/marcxml/schema/MARC21slim.xsd">
   <leader>00925njm 22002777a 4500</leader>
   <datafield ind2=" " ind1=" " tag="042">
      <subfield code="a">dc</subfield>
   </datafield>
   <datafield ind2=" " ind1=" " tag="720">
      <subfield code="a">Candura, Stefano M</subfield>
      <subfield code="e">author</subfield>
   </datafield>
   <datafield ind2=" " ind1=" " tag="720">
      <subfield code="a">Vanoli, Daniela</subfield>
      <subfield code="e">author</subfield>
   </datafield>
   <datafield ind2=" " ind1=" " tag="720">
      <subfield code="a">Mazzanti, Andrea</subfield>
      <subfield code="e">author</subfield>
   </datafield>
   <datafield ind2=" " ind1=" " tag="720">
      <subfield code="a">D'Amato, Luca</subfield>
      <subfield code="e">author</subfield>
   </datafield>
   <datafield ind2=" " ind1=" " tag="720">
      <subfield code="a">Priori, Silvia G.</subfield>
      <subfield code="e">author</subfield>
   </datafield>
   <datafield ind2=" " ind1=" " tag="720">
      <subfield code="a">Scafa, Fabrizio</subfield>
      <subfield code="e">author</subfield>
   </datafield>
   <datafield ind2=" " ind1=" " tag="260">
      <subfield code="c">2023-12-06</subfield>
   </datafield>
   <datafield ind2=" " ind1=" " tag="520">
      <subfield code="a">Brugada syndrome (BrS) is an inherited arrhythmogenic disorder predisposing patients to a high risk of sudden cardiac death. Specific guidelines on the health surveillance of BrS workers are lacking. We report here three cases requiring assessment of specific job capacity, investigated with an interdisciplinary protocol including 24-h Holter electrocardiography with modified precordial leads, pharmacological test with ajmaline, molecular genetic analysis, electrophysiological study with ventricular stimulation, risk stratification, and occupational medicine evaluation: (1) a female 42-yr-old company manager with positive ajmaline test and CACNA1C gene mutation (judged fit for the job with limitations regarding work-related stress); (2) a male 44-yr-old welder with positive ajmaline test, SCN5A gene mutation, and associated OSAS (obstructive sleep apnea syndrome), who was advised to refrain from night shifts and driving company vehicles; (3) a male 45-yr-old electrical technician with inducible ventricular tachyarrhythmia, who was implanted with a biventricular cardioverter defibrillator, and therefore recommended to avoid exposure to electromagnetic fields and working at heights. We conclude that the collaboration between the cardiologist and the occupational physician allows defining the functional capabilities and the arrhythmogenic risk of BrS workers, to optimize job fitness assessment.</subfield>
   </datafield>
   <datafield ind1="8" ind2=" " tag="024">
      <subfield code="a">Ind Health. 2023 Dec 6;61(6):455-461.</subfield>
   </datafield>
   <datafield ind1="8" ind2=" " tag="024">
      <subfield code="a">http://hdl.handle.net/20.500.12105/19359</subfield>
   </datafield>
   <datafield ind1="8" ind2=" " tag="024">
      <subfield code="a">36724992</subfield>
   </datafield>
   <datafield ind1="8" ind2=" " tag="024">
      <subfield code="a">10.2486/indhealth.2022-0205</subfield>
   </datafield>
   <datafield ind1="8" ind2=" " tag="024">
      <subfield code="a">1880-8026</subfield>
   </datafield>
   <datafield ind1="8" ind2=" " tag="024">
      <subfield code="a">Industrial health</subfield>
   </datafield>
   <datafield ind2="0" ind1="0" tag="245">
      <subfield code="a">Brugada syndrome and job fitness: report of three cases.</subfield>
   </datafield>
</record></metadata></record></GetRecord></OAI-PMH>